[Event "38th Asia-ch U20"]
[Site "New Delhi IND"]
[Date "2016.05.05"]
[Round "3"]
[White "Karthik, V. Ap"]
[Black "Rakesh, Kumar Jena"]
[Result "1/2-1/2"]
[WhiteElo "2366"]
[BlackElo "2179"]
[EventDate "2016.05.04"]
[PlyCount "0"]

1.c4 c6 2.Nf3 Nf6 3.Nc3 d5 4.e3 g6 5.d4 Bg7 6.Be2 O-O 7.O-O a6 8.Qb3 dxc4 
9.Bxc4 b5 10.Be2 Be6 11.Qc2 b4 12.Na4 Bf5 13.Bd3 Bxd3 14.Qxd3 Qa5 15.Qc2 
Nbd7 16.Bd2 Qb5 17.Rac1 Rac8 18.e4 Nxe4 19.Qxe4 Qxa4 20.Qxe7 c5 21.b3 Qb5 
22.Rc4 Rfe8 23.Qg5 cxd4 24.Qxb5 axb5 25.Rxb4 Rc2 26.Rxb5 Rxa2 27.Rd1 Nf6 
28.Re1 Ne4 29.Bb4 f5 30.Rd5 Rb8 31.Bc5 Nxc5 32.Rxc5 Rb2 33.Rd5 1/2-1/2

[Event "38th Asia-ch U20"]
[Site "New Delhi IND"]
[Date "2016.05.05"]
[Round "3"]
[White "Sahoo, Utkal Ranjan"]
[Black "Harshal, Shahi"]
[Result "0-1"]
[WhiteElo "2275"]
[BlackElo "2139"]
[EventDate "2016.05.04"]
[PlyCount "0"]

1.d4 d5 2.c4 e6 3.Nc3 Nf6 4.cxd5 exd5 5.Bg5 Be7 6.e3 O-O 7.Bd3 c6 8.Qc2 
Nbd7 9.Nge2 Re8 10.O-O Nf8 11.f3 Be6 12.Rad1 N6d7 13.Bf4 b5 14.Kh1 Nb6 15.
b3 Qc8 16.e4 b4 17.Nb1 c5 18.dxc5 Qxc5 19.Nd2 Qxc2 20.Bxc2 Bd7 21.Rfe1 Bc5
22.Bg3 g5 23.exd5 f5 24.f4 Bb5 25.Ng1 gxf4 26.Bxf4 Nxd5 27.Nh3 0-1

[Event "38th Asia-ch U20"]
[Site "New Delhi IND"]
[Date "2016.05.05"]
[Round "3"]
[White "Dangol, Bijaya"]
[Black "Chakravarthi Reddy, M"]
[Result "0-1"]
[WhiteElo "1849"]
[BlackElo "2254"]
[EventDate "2016.05.04"]
[PlyCount "0"]

1.e4 e6 2.d4 d5 3.exd5 exd5 4.Nf3 Nc6 5.Bd3 Bd6 6.O-O Nge7 7.Bg5 f6 8.Be3 
Be6 9.Nbd2 Qd7 10.a3 g5 11.c4 dxc4 12.Nxc4 O-O-O 13.Re1 Nd5 14.Nxd6+ Qxd6 
15.Qc2 Kb8 16.Rac1 Bg4 17.Nd2 Nxe3 18.fxe3 Nxd4 19.exd4 Qxd4+ 20.Kh1 Qxd3 
21.Qxc7+ Ka8 22.Ne4 Rc8 23.Qe7 Rxc1 24.Rxc1 Qe3 25.Rg1 Rc8 26.Qb4 Rc1 27.
Nf2 Rxg1+ 28.Kxg1 Qc1+ 29.Nd1 Qxd1+ 30.Kf2 Qe2+ 31.Kg3 Bc8 32.h3 Qe5+ 33.
Kf3 h5 34.g4 hxg4+ 35.hxg4 Qd5+ 36.Ke3 Qe6+ 37.Kf3 Qxg4+ 38.Qxg4 Bxg4+ 39.
Kxg4 b5 40.Kf5 Kb7 41.b3 Kc6 42.Kg4 Kd5 43.Kf5 a5 44.a4 b4 45.Kg4 Ke4 46.
Kg3 f5 47.Kf2 f4 48.Ke2 g4 49.Kf2 f3 50.Kf1 g3 51.Kg1 Ke3 52.Kf1 g2+ 53.
Kg1 Ke2 54.Kh2 Kf2 0-1

[Event "38th Asia-ch U20"]
[Site "New Delhi IND"]
[Date "2016.05.05"]
[Round "3"]
[White "Arijith, M"]
[Black "Rajdeep, Sarkar"]
[Result "0-1"]
[WhiteElo "1603"]
[BlackElo "2217"]
[EventDate "2016.05.04"]
[PlyCount "0"]

1.d4 d5 2.Nf3 Nf6 3.e3 c5 4.Bd3 g6 5.O-O Nbd7 6.b3 Bg7 7.Bb2 O-O 8.Nbd2 b6
9.c4 Bb7 10.Qc2 Rc8 11.Rac1 cxd4 12.exd4 dxc4 13.bxc4 Qc7 14.Qb1 Qb8 15.
Ba3 Rfe8 16.Rfe1 e6 17.c5 Qa8 18.Ne4 Nxe4 19.Bxe4 Bxe4 20.Qxe4 Qxe4 21.
Rxe4 Bf8 22.h3 Rc7 23.cxb6 Rxc1+ 24.Bxc1 Nxb6 25.Re2 Rc8 26.Be3 Nd5 27.Rb2
a5 28.Ne5 f6 29.Nd7 Bd6 30.Nb6 Rb8 31.Nc4 Rxb2 32.Nxb2 Bb4 33.Nc4 a4 34.
Kf1 Kf7 35.a3 Be7 36.Ke2 Ke8 37.Kd3 Kd7 38.Bc1 Kc6 39.g3 Nc7 40.Nd2 Nb5 
41.Nc4 f5 42.Bb2 Nc7 43.Ne5+ Kb5 44.Nc4 Nd5 45.Ne3 Nxe3 46.fxe3 Bd6 47.g4 
fxg4 48.hxg4 h5 49.gxh5 gxh5 50.d5 exd5 51.e4 h4 52.e5 Be7 53.e6 h3 54.Be5
Kc6 0-1

[Event "38th Asia-ch U20"]
[Site "New Delhi IND"]
[Date "2016.05.06"]
[Round "4"]
[White "Karthikeyan, Murali"]
[Black "Sunilduth Lyna, Narayanan"]
[Result "0-1"]
[WhiteElo "2518"]
[BlackElo "2507"]
[EventDate "2016.05.04"]
[PlyCount "0"]

1.e4 c5 2.Nf3 d6 3.d4 cxd4 4.Nxd4 Nf6 5.Nc3 a6 6.h3 e5 7.Nde2 h5 8.Bg5 Be6
9.Bxf6 Qxf6 10.Nd5 Qd8 11.Nec3 g6 12.Be2 Bh6 13.O-O O-O 14.a4 Nc6 15.Bc4 
Rc8 16.Bb3 Kg7 17.Qd3 Nd4 18.Ne2 Nxb3 19.cxb3 Bxd5 20.Qxd5 Rc2 21.Nc3 Rxb2
22.Qxb7 Qc8 23.Qxc8 Rxc8 24.Nd5 Rxb3 25.Rfb1 Rxb1+ 26.Rxb1 Rc4 27.Rb4 Rc1+
28.Kh2 a5 29.Rb5 Bd2 30.Rb2 Be1 31.g4 hxg4 32.hxg4 Kh6 33.Kg2 Ra1 34.Rb7 
Rxa4 35.Rxf7 Rxe4 36.f3 Rc4 37.Nc7 g5 38.Ne8 Bb4 39.Nxd6 Rc2+ 40.Kf1 Kg6 
41.Rd7 Rd2 42.Nc4 Rxd7 43.Nxe5+ Kg7 0-1

[Event "38th Asia-ch U20"]
[Site "New Delhi IND"]
[Date "2016.05.06"]
[Round "4"]
[White "Chakravarthi Reddy, M"]
[Black "Aravindh, Chithambaram Vr"]
[Result "0-1"]
[WhiteElo "2254"]
[BlackElo "2528"]
[EventDate "2016.05.04"]
[PlyCount "0"]

1.d4 Nf6 2.Nf3 g6 3.c4 c5 4.d5 b5 5.cxb5 a6 6.bxa6 Bg7 7.Nc3 Bxa6 8.g3 O-O
9.Bg2 d6 10.O-O Nbd7 11.h3 Nb6 12.Re1 Nc4 13.Nd2 Qb6 14.Qc2 Rfb8 15.b3 Ne5
16.Bb2 Nh5 17.Nce4 c4 18.Rac1 cxb3 19.Nxb3 Rc8 20.Qb1 Rxc1 21.Qxc1 Rc8 22.
Qb1 Rc4 23.e3 Nd3 24.Qxd3 Bxb2 25.Qb1 Be5 26.Rc1 Rxc1+ 27.Qxc1 f5 28.Ng5 
Qb4 29.Ne6 Qc4 30.Qd1 Nf6 31.Nd8 Ne4 32.Nc6 Bf6 33.Nca5 Qa4 34.Qc2 Nc3 35.
Nc6 Nxa2 36.Nbd4 Qxc2 37.Nxc2 Nc3 38.N2b4 Bc4 39.Na5 Be2 40.Bf1 Bf3 41.Bg2
Bd1 42.f3 Ba4 43.Kf2 Bb5 44.Nc2 Nxd5 45.e4 fxe4 46.fxe4 Nc3 47.Ke3 Bg5+ 
48.Kf2 Bd3 0-1

[Event "38th Asia-ch U20"]
[Site "New Delhi IND"]
[Date "2016.05.06"]
[Round "4"]
[White "Mosadeghpour, Masoud"]
[Black "Pranavananda, V"]
[Result "1-0"]
[WhiteElo "2481"]
[BlackElo "2308"]
[EventDate "2016.05.04"]
[PlyCount "0"]

1.Nf3 d5 2.g3 Bg4 3.Bg2 c6 4.O-O Nd7 5.h3 Bh5 6.d4 Ngf6 7.c4 e6 8.cxd5 
cxd5 9.Bf4 Be7 10.Nc3 O-O 11.Rc1 Qa5 12.Nd2 b5 13.Nb3 Qb6 14.Qd3 a6 15.g4 
Bg6 16.Qg3 Rac8 17.h4 b4 18.Na4 Qb5 19.Nac5 Nxc5 20.Nxc5 Qxe2 21.h5 Bxh5 
22.Bf3 Qxb2 23.gxh5 Qxd4 24.h6 g6 25.Be3 Qb2 26.Qh4 Qe5 27.Nxa6 Qf5 28.Bg2
Ra8 29.Rc6 Rfc8 30.Nc7 Bd8 31.Rfc1 Ne8 32.Nxa8 Rxa8 33.Qxb4 1-0

[Event "38th Asia-ch U20"]
[Site "New Delhi IND"]
[Date "2016.05.06"]
[Round "4"]
[White "Rajdeep, Sarkar"]
[Black "Mousavi, Seyed Khalil"]
[Result "1/2-1/2"]
[WhiteElo "2217"]
[BlackElo "2425"]
[EventDate "2016.05.04"]
[PlyCount "0"]

1.d4 d5 2.Nf3 Nf6 3.e3 c5 4.b3 g6 5.Bb2 Bg7 6.Nbd2 cxd4 7.exd4 O-O 8.Bd3 
Nc6 9.O-O Nb4 10.Be2 Bf5 11.Ne1 Rc8 12.c3 Nc6 13.Bd3 Qd7 14.Bxf5 Qxf5 15.
Qf3 Qg5 16.Rd1 e5 17.dxe5 Nxe5 18.Qh3 Qh5 19.Qxh5 Nxh5 20.Nb1 Rfd8 21.g3 
b5 22.Nc2 a5 23.Nd4 b4 24.cxb4 axb4 25.a3 bxa3 26.Nxa3 Nf6 27.Nac2 Ne4 28.
Ne3 Nc5 29.Kg2 h5 30.Ba1 Kh7 31.Ne2 Ng4 32.Nxg4 Bxa1 33.Rxa1 hxg4 34.Nd4 
Ra8 35.b4 Ne4 36.b5 Nd2 37.Rfd1 Nc4 38.h3 1/2-1/2

[Event "38th Asia-ch U20"]
[Site "New Delhi IND"]
[Date "2016.05.06"]
[Round "4"]
[White "Arjun, Kalyan"]
[Black "Harshal, Shahi"]
[Result "1-0"]
[WhiteElo "2347"]
[BlackElo "2139"]
[EventDate "2016.05.04"]
[PlyCount "0"]

1.e4 c5 2.Nf3 Nc6 3.d4 cxd4 4.Nxd4 e6 5.Nc3 Qc7 6.Be3 a6 7.Qd2 Nf6 8.f3 
Be7 9.O-O-O b5 10.g4 O-O 11.h4 Bb7 12.Nxc6 Bxc6 13.h5 Rfc8 14.g5 b4 15.Nb1
Bxe4 16.fxe4 Nxe4 17.Qg2 Bxg5 18.Bxg5 Nxg5 19.Bd3 h6 20.Nd2 d5 21.Kb1 f5 
22.Rhg1 a5 23.Nf3 Nxf3 24.Qxf3 Kh8 25.Rde1 Qf7 26.Rg6 Re8 27.Qf4 e5 28.
Qxf5 Qxf5 29.Bxf5 e4 30.b3 Re5 31.Bg4 Rae8 32.Rd6 Rg5 33.Be6 d4 34.Bf7 Rf8
35.Bg6 e3 36.Rxd4 Re5 37.Re4 Rxe4 38.Bxe4 Re8 39.Rxe3 Re5 40.Re2 g5 41.
hxg6 Kg7 42.Bd3 Rxe2 43.Bxe2 Kxg6 44.c4 bxc3 45.Kc2 Kf6 46.Kxc3 Ke5 47.Kc4
1-0

[Event "38th Asia-ch U20"]
[Site "New Delhi IND"]
[Date "2016.05.06"]
[Round "4"]
[White "Javanbakht, Nima"]
[Black "Rakesh, Kumar Nayak"]
[Result "1-0"]
[WhiteElo "2417"]
[BlackElo "2156"]
[EventDate "2016.05.04"]
[PlyCount "0"]

1.d4 d6 2.Nf3 Nf6 3.c4 g6 4.Nc3 Bg7 5.e4 O-O 6.Be2 Nbd7 7.O-O c5 8.d5 h6 
9.Ne1 a6 10.a4 Qc7 11.Bf4 Ne8 12.Qd2 Kh7 13.Rd1 b6 14.Bg3 Bb7 15.f4 Rd8 
16.Bd3 Kg8 17.Nf3 Nef6 18.h3 Nh5 19.Bh2 e5 20.dxe6 fxe6 21.Nh4 Bd4+ 22.Kh1
Rf6 23.Qe2 Ng7 24.e5 dxe5 25.fxe5 Rxf1+ 26.Rxf1 g5 27.Ng6 Nf8 28.Ne4 Bxe4 
29.Bxe4 Nxg6 30.Bxg6 Rf8 31.Rxf8+ Kxf8 32.Qf3+ Nf5 33.g4 Bxe5 34.Bxe5 Qxe5
35.gxf5 Qe1+ 36.Kg2 Qd2+ 37.Qf2 Qxf2+ 38.Kxf2 Kg7 39.Kf3 Kf6 40.Ke4 e5 41.
Bh5 1-0

[Event "38th Asia-ch U20"]
[Site "New Delhi IND"]
[Date "2016.05.06"]
[Round "4"]
[White "Godbole, Atharva"]
[Black "Karthik, V. Ap"]
[Result "1/2-1/2"]
[WhiteElo "2128"]
[BlackElo "2366"]
[EventDate "2016.05.04"]
[PlyCount "0"]

1.e4 g6 2.d4 Bg7 3.Nc3 c5 4.d5 d6 5.f4 a6 6.a4 Qc7 7.Bc4 Nf6 8.Nf3 Bg4 9.
O-O Nbd7 10.Qe1 Bxf3 11.Rxf3 Ng4 12.h3 Bd4+ 13.Kh1 h5 14.Nd1 g5 15.c3 Bg7 
16.Kg1 Nb6 17.Bf1 Nf6 18.fxg5 Nfd7 19.a5 Nc8 20.Bf4 Be5 21.Ne3 Bxf4 22.
Rxf4 Ne5 23.Nf5 c4 24.Ng7+ Kd7 25.Qf2 Qc5 26.Qxc5 dxc5 27.Rf5 Kd6 28.Be2 
h4 29.Rf4 Kc7 30.Nf5 Nd6 31.Nxh4 Rag8 32.Nf5 Rxg5 33.Nxd6 Kxd6 34.Kh2 f6 
35.Ra4 Ng6 36.Rf2 Ne5 37.Rf4 Ng6 38.Rf1 Ne5 39.g3 Rg4 40.Rf4 Rg7 41.Kg2 
Rhg8 42.g4 Rh8 43.Rf1 Rgh7 44.Rh1 Nf7 45.Rxc4 Ng5 46.h4 Rxh4 47.Rxh4 Rxh4 
48.b4 cxb4 49.Rxb4 Kc7 50.Rc4+ Kd6 51.Rb4 Kc7 52.Rc4+ Kd6 53.Rb4 1/2-1/2

[Event "38th Asia-ch U20"]
[Site "New Delhi IND"]
[Date "2016.05.06"]
[Round "4"]
[White "Rakesh, Kumar Jena"]
[Black "Harsha, Bharathakoti"]
[Result "1-0"]
[WhiteElo "2179"]
[BlackElo "2329"]
[EventDate "2016.05.04"]
[PlyCount "0"]

1.Nf3 d5 2.d4 Nf6 3.Bf4 c5 4.e3 Nc6 5.Nbd2 Qb6 6.dxc5 Qxb2 7.Rb1 Qc3 8.Bb5
Qxc5 9.Nd4 Bd7 10.Bxc6 Bxc6 11.O-O e6 12.N2b3 Qa3 13.Qd3 a6 14.Nxc6 bxc6 
15.Nd4 Qxd3 16.cxd3 c5 17.Nc6 Nd7 18.Rb7 f6 19.Bc7 Rg8 20.Rfb1 g5 21.g3 
Rg7 22.Kg2 c4 23.d4 h5 24.Ba5 Bd6 25.Kf1 g4 26.Ke2 Rc8 27.Na7 Ra8 28.Nc6 
Rf7 29.Bb4 Bxb4 30.R1xb4 a5 31.R4b5 a4 32.Kd2 Rc8 33.Na7 Ra8 34.Nc6 Kf8 
35.a3 Kg7 36.Kc3 Nf8 37.Rxf7+ Kxf7 38.Rb7+ Kg6 39.Ne7+ Kg5 40.Ng8 Kg6 41.
Ne7+ Kg5 42.Ng8 Ng6 43.Rg7 Re8 44.Kd2 e5 45.f4+ gxf3 46.h4+ Kf5 47.e4+ 
Kxe4 48.Nxf6+ Kxd4 49.Nxe8 c3+ 50.Ke1 e4 51.Rxg6 e3 52.Nc7 Kc5 53.Na6+ Kc4
54.Rc6+ Kb3 55.Nc5+ Kc2 56.Ne6 Kb2 57.Nd4 1-0

[Event "38th Asia-ch U20"]
[Site "New Delhi IND"]
[Date "2016.05.06"]
[Round "4"]
[White "Rahul, Srivatshav P"]
[Black "Kumar, Gaurav"]
[Result "1-0"]
[WhiteElo "2313"]
[BlackElo "2212"]
[EventDate "2016.05.04"]
[PlyCount "0"]

1.e4 c5 2.Nf3 Nc6 3.Bb5 g6 4.O-O Bg7 5.Re1 Nf6 6.c3 O-O 7.d4 cxd4 8.cxd4 
d5 9.e5 Ne4 10.Nc3 Nxc3 11.bxc3 Na5 12.Bg5 Be6 13.Qc1 a6 14.Bd3 Rc8 15.Bh6
Qc7 16.Qf4 Qxc3 17.Rad1 Rfe8 18.h4 Nc4 19.Bb1 Na3 20.Re3 Qa5 21.Bd3 Nb5 
22.h5 Nc3 23.Rde1 Ne4 24.g4 Qxa2 25.Rxe4 dxe4 26.Bxe4 b5 27.Kg2 Bd5 28.e6 
fxe6 29.hxg6 Bxe4 30.Qf7+ Kh8 31.Bxg7# 1-0

[Event "38th Asia-ch U20"]
[Site "New Delhi IND"]
[Date "2016.05.06"]
[Round "4"]
[White "Gajwa, Ankit"]
[Black "Saurabh, Anand"]
[Result "1/2-1/2"]
[WhiteElo "2288"]
[BlackElo "2065"]
[EventDate "2016.05.04"]
[PlyCount "0"]

1.e4 c5 2.Nf3 Nc6 3.Bb5 g6 4.Bxc6 dxc6 5.h3 Bg7 6.d3 Nf6 7.O-O Nd7 8.Re1 
e5 9.Nbd2 Nf8 10.Nc4 Qc7 11.a3 Ne6 12.b4 O-O 13.Be3 b6 14.bxc5 bxc5 15.
Nfd2 Ba6 16.Rb1 Rfd8 17.Qg4 Nd4 18.Rbc1 f5 19.exf5 gxf5 20.Qh5 Rf8 21.Bh6 
Rae8 22.Bxg7 Qxg7 23.c3 Ne6 24.Nxe5 Nf4 25.Qf3 Nxh3+ 26.Qxh3 Rxe5 27.Rxe5 
Qxe5 28.Nf3 Qf4 29.Re1 Bxd3 30.Re7 Rf7 31.Rxf7 Kxf7 32.Qxh7+ Ke6 33.Qg8+ 
Ke7 34.Qg7+ Kd6 35.Qf6+ Kd5 36.Qf7+ Kd6 37.Qf8+ Kd7 38.Qxc5 Qc1+ 39.Kh2 
Qf4+ 40.Kh1 Qh6+ 1/2-1/2

[Event "38th Asia-ch U20"]
[Site "New Delhi IND"]
[Date "2016.05.07"]
[Round "5"]
[White "Sunilduth Lyna, Narayanan"]
[Black "Mosadeghpour, Masoud"]
[Result "1-0"]
[WhiteElo "2507"]
[BlackElo "2481"]
[EventDate "2016.05.04"]
[PlyCount "0"]

1.e4 e5 2.Nf3 Nf6 3.Nxe5 d6 4.Nf3 Nxe4 5.d4 d5 6.Bd3 Nc6 7.O-O Be7 8.Nc3 
f5 9.Ne2 O-O 10.c4 dxc4 11.Bxc4+ Kh8 12.a3 Bf6 13.b4 g5 14.Bb2 Qe7 15.Qc2 
Qg7 16.Rad1 Nd6 17.Ng3 Qh6 18.d5 Ne7 19.Rfe1 Ng8 20.Bd3 f4 21.Ne4 Nxe4 22.
Bxe4 Bg4 23.Rc1 Bxf3 24.Bxf3 Rae8 25.Re6 Qg7 26.Bxf6 Nxf6 27.h3 h5 28.Qf5 
Rd8 29.Qe5 Rd7 30.Bxh5 Rxd5 31.Qe2 Rd7 32.Bf3 c6 33.Re1 Kg8 34.b5 cxb5 35.
Qxb5 a6 36.Qf5 Rdf7 37.a4 Kh8 38.a5 Ne8 39.Qc5 Nf6 40.Re7 1-0

[Event "38th Asia-ch U20"]
[Site "New Delhi IND"]
[Date "2016.05.07"]
[Round "5"]
[White "Aravindh, Chithambaram Vr"]
[Black "Karthikeyan, Murali"]
[Result "1/2-1/2"]
[WhiteElo "2528"]
[BlackElo "2518"]
[EventDate "2016.05.04"]
[PlyCount "0"]

1.e4 e5 2.Nf3 Nc6 3.d4 exd4 4.Nxd4 Nf6 5.Nc3 Bb4 6.Nxc6 bxc6 7.Bd3 d5 8.
exd5 cxd5 9.O-O O-O 10.Bg5 c6 11.Qf3 Bd6 12.Ne2 Be5 13.c3 Bg4 14.Bxf6 Bxf3
15.Bxd8 Bxe2 16.Bxe2 Rfxd8 17.Rac1 g6 18.Rfe1 Bf6 19.Bf3 a5 20.b3 a4 21.c4
axb3 22.axb3 Ra2 23.Red1 d4 24.Ra1 Rb2 25.Rd3 c5 26.g3 Re8 27.Bd5 Kg7 28.
Rf3 Re7 29.Ra6 Be5 30.Kg2 f5 31.Rc6 d3 32.Rxd3 Bd4 33.Rf3 Ree2 34.Rc7+ Kh8
35.Rc8+ Kg7 36.Rc7+ Kf8 37.g4 Bxf2 38.gxf5 Bd4+ 39.Kf1 Rf2+ 40.Rxf2 Rxf2+ 
41.Ke1 Rxf5 42.Rxh7 Rh5 43.Rxh5 1/2-1/2

[Event "38th Asia-ch U20"]
[Site "New Delhi IND"]
[Date "2016.05.07"]
[Round "5"]
[White "Mousavi, Seyed Khalil"]
[Black "Rahul, Srivatshav P"]
[Result "1/2-1/2"]
[WhiteElo "2425"]
[BlackElo "2313"]
[EventDate "2016.05.04"]
[PlyCount "0"]

1.c4 c5 2.Nc3 Nc6 3.g3 g6 4.Bg2 Bg7 5.e3 e6 6.Nge2 Nge7 7.O-O O-O 8.Nf4 
Rb8 9.Rb1 a6 10.b3 b5 11.Bb2 d6 12.d3 Qc7 13.Ne4 e5 14.Nd5 Nxd5 15.cxd5 
Ne7 16.Nd2 Bd7 17.Rc1 Qb6 18.Qc2 Rbc8 19.Qb1 Rfe8 20.Kh1 Nf5 21.Ne4 a5 22.
Qa1 a4 23.bxa4 Qa6 24.a5 b4 25.Nd2 Bb5 26.Nc4 e4 27.a4 bxa3 28.Bxg7 Nxg7 
29.Qxa3 exd3 30.Qxd3 Bxc4 1/2-1/2

[Event "38th Asia-ch U20"]
[Site "New Delhi IND"]
[Date "2016.05.07"]
[Round "5"]
[White "Rajdeep, Sarkar"]
[Black "Javanbakht, Nima"]
[Result "1-0"]
[WhiteElo "2217"]
[BlackElo "2417"]
[EventDate "2016.05.04"]
[PlyCount "0"]

1.d4 Nf6 2.Nf3 e6 3.c4 c5 4.Nc3 cxd4 5.Nxd4 Nc6 6.g3 Qb6 7.Nc2 d5 8.cxd5 
exd5 9.e3 Bg4 10.Be2 Bh3 11.Bf1 Bg4 12.Be2 Bh3 13.Bf1 Bxf1 14.Kxf1 h5 15.
h4 g6 16.b3 Bg7 17.Bb2 O-O 18.Ne2 Rfe8 19.Kg2 Rad8 20.Nf4 Qa5 21.b4 Qb5 
22.a4 Qc4 23.b5 Na5 24.Nd4 Ne4 25.Qd3 Qc8 26.Rac1 Nc4 27.Qe2 Qd7 28.Ba1 
Bh6 29.Nc2 Bxf4 30.gxf4 a6 31.Nd4 Re7 32.Rhg1 Rde8 33.Kh2 Nf6 34.Rg3 Ng4+ 
35.Kg1 Nd6 36.bxa6 Ne4 37.Rg2 Nexf2 38.Rxf2 Nxf2 39.Kxf2 bxa6 40.Rc3 Qxa4 
41.Qb2 Re4 42.Rb3 Qd7 43.Nf3 d4 44.Nxd4 f6 45.Nf3 R4e6 46.Qc2 Qf7 47.Bd4 
a5 48.Rb1 Kh7 49.Rg1 Re4 50.Nd2 R4e7 51.f5 Rg8 52.Ne4 Rxe4 53.Qxe4 Qa2+ 
54.Kf3 Qh2 55.fxg6+ Kg7 56.Qe7+ 1-0

[Event "38th Asia-ch U20"]
[Site "New Delhi IND"]
[Date "2016.05.07"]
[Round "5"]
[White "Krishna Teja, N"]
[Black "Arjun, Kalyan"]
[Result "1/2-1/2"]
[WhiteElo "2216"]
[BlackElo "2347"]
[EventDate "2016.05.04"]
[PlyCount "0"]

1.d4 Nf6 2.c4 e6 3.Nf3 d5 4.Nc3 Be7 5.Bf4 O-O 6.e3 c5 7.dxc5 Bxc5 8.Qc2 
Nc6 9.a3 Re8 10.O-O-O e5 11.Bg5 d4 12.Nd5 Be7 13.Nxe7+ Qxe7 14.exd4 Bg4 
15.dxe5 Nxe5 16.Be2 h6 17.Be3 Rac8 18.c5 b6 19.h3 Bh5 20.Nxe5 Bxe2 21.Qxe2
Qxe5 22.Qc2 Ne4 23.Kb1 Nxc5 24.Bd4 Qg5 25.h4 Qe7 26.Rhe1 Qxe1 27.Rxe1 
Rxe1+ 28.Ka2 Ree8 29.Qf5 Ne6 30.Bc3 Rc5 31.Qe4 Rec8 32.g3 Rc4 33.Qe3 R4c5 
34.Be5 Re8 35.f4 Rd5 36.Qf3 Red8 37.Qg4 Kh8 38.h5 Re8 39.Bc3 Nd4 40.a4 
Red8 41.Qh3 Kh7 42.Qh1 Kg8 43.Qe4 f5 44.Qe7 R5d7 45.Qb4 Kh7 46.Qc4 Rd5 47.
Qa6 R8d7 48.Qc8 Rd8 49.Qb7 R5d7 50.Qa6 Kh8 51.Bxd4 Rxd4 52.Qxa7 R8d6 53.b3
Rd3 54.Ka3 Kh7 55.Qe7 R3d5 56.Kb4 Rf6 57.Qb7 Rd3 58.Qg2 Re6 59.Kc4 Ree3 
60.Qc2 Rd8 61.Qxf5+ Kh8 62.g4 Ree8 63.g5 Rf8 64.Qe5 Rde8 65.Qd6 Re4+ 66.
Kb5 Rexf4 67.gxh6 R4f6 68.hxg7+ Kxg7 69.Qe5 Kh7 70.Qe2 Rh6 71.Qe7+ Kg8 72.
Qg5+ Kh7 73.b4 Rff6 74.Ka6 Kh8 75.b5 Kh7 76.Qd5 Kg7 77.Qe5 Kg8 78.Qd5+ Kg7
79.Qd7+ Kg8 80.Qe8+ Kg7 81.Qe5 Kg8 82.Qg5+ Kh8 83.Qg4 Re6 84.Qf5 Kg7 85.
Qg5+ Kf7 86.Qd5 Kg7 87.Qd7+ Kf8 88.Qc8+ Kf7 89.Qd8 Kg7 90.Ka7 Kf7 91.Qd5 
Kf8 92.Qc4 Rh7+ 93.Ka6 Rhh6 94.Qd5 Kg7 95.Qd7+ Kf8 96.Qc8+ Kg7 97.Qd8 Kf7 
98.Qd1 Kg8 99.Qd5 Kg7 100.Qc4 Kf8 101.Qc8+ Kg7 102.Qc7+ Kg8 103.Qd8+ Kf7 
104.Qc7+ Kg8 105.Qd7 Kf8 106.Qd8+ Kf7 1/2-1/2

[Event "38th Asia-ch U20"]
[Site "New Delhi IND"]
[Date "2016.05.07"]
[Round "5"]
[White "Sammed Jaykumar, Shete"]
[Black "Rakesh, Kumar Jena"]
[Result "0-1"]
[WhiteElo "2253"]
[BlackElo "2179"]
[EventDate "2016.05.04"]
[PlyCount "0"]

1.e4 e6 2.d4 d5 3.Nd2 Nf6 4.e5 Nfd7 5.f4 c5 6.c3 Nc6 7.Ndf3 cxd4 8.cxd4 
Qa5+ 9.Kf2 Be7 10.g3 Qb6 11.Kg2 f6 12.Bd3 f5 13.Ne2 Nf8 14.b3 Bd7 15.Bb2 
a5 16.Nc3 a4 17.Rb1 a3 18.Ba1 Nb4 19.Be2 Qa5 20.Qd2 b5 21.Rhc1 Ng6 22.Nd1 
Qb6 23.Bc3 Nc6 24.b4 O-O 25.Nf2 Rfb8 26.Nd3 Qa7 27.Rb3 Be8 28.Nc5 Bxc5 29.
dxc5 Nge7 30.Nd4 Nxd4 31.Bxd4 Qb7 32.Bf3 Nc6 33.Bf2 Qf7 34.h4 Ra4 35.Rcc3 
Rxb4 36.Rxa3 Ra4 37.Rxa4 bxa4 38.Rd3 Qc7 39.h5 Qa5 40.Rxd5 exd5 41.Qxd5+ 
Bf7 42.e6 Be8 43.e7+ Kh8 44.Qxf5 Nxe7 45.Qf8+ Ng8 46.h6 Qc3 47.c6 Qxf3+ 
0-1

[Event "38th Asia-ch U20"]
[Site "New Delhi IND"]
[Date "2016.05.07"]
[Round "5"]
[White "Karthik, V. Ap"]
[Black "Saurabh, Anand"]
[Result "1/2-1/2"]
[WhiteElo "2366"]
[BlackElo "2065"]
[EventDate "2016.05.04"]
[PlyCount "0"]

1.a3 d5 2.Nf3 Nf6 3.g3 Bf5 4.Bg2 e6 5.O-O h6 6.d3 Be7 7.Nbd2 O-O 8.b3 c5 
9.Bb2 Nc6 10.e3 Bh7 11.Qe2 Rc8 12.Rfd1 b5 13.e4 Qc7 14.Re1 a5 15.exd5 exd5
16.Ne5 Nxe5 17.Bxe5 Qd7 18.Nf3 Rfe8 19.Qd2 Ra8 20.Bb2 Qd6 21.Be5 Qd7 22.h3
Bf5 23.Kh2 Ra6 24.Bb2 d4 25.Re5 Bd6 26.Rxe8+ Qxe8 27.b4 cxb4 28.Nxd4 bxa3 
29.Bxa3 Bxa3 30.Rxa3 b4 31.Ra1 Qe5 32.Nb3 Qc7 33.Qf4 Qxf4 34.gxf4 a4 35.
Nc5 Ra5 36.Nb7 Ra6 37.Nc5 Ra5 38.Nb7 Ra7 39.Nd6 Be6 40.Nb5 Ra5 41.Nd4 Bd5 
42.Bf1 a3 43.Bg2 a2 44.Bxd5 Nxd5 45.Kg3 Nc3 46.Kf3 Rh5 47.Ne2 Rxh3+ 48.Kg2
Nxe2 49.Kxh3 Nc3 50.Kg4 Kf8 51.Kf5 Ke7 52.Ke5 h5 53.Kd4 h4 54.Kc4 h3 55.
Re1+ Kf6 56.Kb3 Kf5 57.Kb2 Kxf4 58.Rh1 Kg4 59.Rg1+ Kf3 1/2-1/2

[Event "38th Asia-ch U20"]
[Site "New Delhi IND"]
[Date "2016.05.07"]
[Round "5"]
[White "Harshal, Shahi"]
[Black "Pranavananda, V"]
[Result "0-1"]
[WhiteElo "2139"]
[BlackElo "2308"]
[EventDate "2016.05.04"]
[PlyCount "0"]

1.e4 Nf6 2.e5 Nd5 3.d4 d6 4.Nf3 dxe5 5.dxe5 Bg4 6.Be2 e6 7.O-O Nd7 8.c4 
Ne7 9.h3 Bxf3 10.Bxf3 c6 11.Qe2 Ng6 12.Bh5 Bc5 13.Kh2 Ndxe5 14.f4 Nd3 15.
Bxg6 hxg6 16.Rd1 Nxc1 17.Rxd8+ Rxd8 18.Qf1 Nd3 19.Nc3 O-O 20.Rd1 Nxb2 21.
Rxd8 Rxd8 22.Qb1 Nxc4 23.Qxb7 Na5 24.Qc7 Bb6 25.Qe7 Rb8 26.Ne4 Rf8 27.Qh4 
f6 28.Qe1 Kf7 29.Nd6+ Ke7 30.Ne4 Rd8 31.Qb4+ Kf7 32.Nd6+ Kg8 33.Qa3 Bc7 
34.Ne4 Bxf4+ 35.g3 Bc7 36.Qe7 Bb6 37.Nd6 Rf8 38.Ne8 Rf7 39.Qxe6 Nb7 40.
Qxc6 Kh7 41.Qe6 Nd8 42.Qd5 Re7 43.Nd6 Rd7 44.h4 Bc7 45.Qc4 Bxd6 46.Qc8 Rc7
47.Qxd8 Be5 48.Qd1 Rc3 49.h5 Rxg3 50.hxg6+ Kxg6 51.Kh1 Kh6 52.Qd7 g5 53.
Qxa7 g4 54.Qf7 Kg5 55.Qg8+ Kf5 56.Qc8+ Ke4 57.Qc6+ Ke3 58.a4 Rh3+ 59.Kg1 
Rg3+ 60.Kh1 Rf3 61.Qc1+ Ke4 62.Qc6+ Kf4 63.Kg2 Rc3 64.Qb5 Rc2+ 65.Kf1 g3 
66.Qb4+ Kg5 67.Qe4 Rf2+ 68.Kg1 Rf4 69.Qa8 Rb4 70.Qg8+ Kf4 71.Qh7 Bd4+ 72.
Kf1 Rb2 73.Qh4+ Kf3 74.Qh5+ Ke3 75.Qh6+ Kd3 76.Qg6+ Kd2 77.a5 Ra2 78.Qxg3 
Ra1+ 79.Kg2 Rg1+ 80.Kf3 Rxg3+ 81.Kxg3 Ke3 0-1

[Event "38th Asia-ch U20"]
[Site "New Delhi IND"]
[Date "2016.05.07"]
[Round "5"]
[White "Adhithya, S"]
[Black "Gajwa, Ankit"]
[Result "0-1"]
[WhiteElo "2055"]
[BlackElo "2288"]
[EventDate "2016.05.04"]
[PlyCount "0"]

1.c4 Nf6 2.Nc3 g6 3.g3 Bg7 4.Bg2 O-O 5.e4 d6 6.Nge2 c5 7.a3 Nc6 8.Rb1 a5 
9.d3 Bd7 10.O-O Ne8 11.Be3 Nc7 12.f4 Ne6 13.f5 Ned4 14.g4 e6 15.Ng3 Ne5 
16.h3 Bf6 17.Bh6 Re8 18.fxg6 fxg6 19.Qd2 Nb3 20.Qf4 Bg7 21.Bg5 Qc7 22.Bf6 
Bxf6 23.Qxf6 Qd8 24.Qf4 Rf8 25.Qe3 Qe7 26.Nce2 Qg7 27.Kh1 Nc6 28.Qg5 Qe5 
29.Qh6 Ncd4 30.Nf4 Nd2 31.Rbd1 Nxf1 32.Rxf1 Qg7 33.Qg5 Qf6 34.Qh6 g5 35.
Qxf6 Rxf6 36.Nfh5 Rxf1+ 37.Bxf1 Rf8 38.Kg2 Nf3 39.Be2 Ne5 40.Nf1 Kf7 41.
Ne3 Ke7 42.Ng3 Rb8 43.Ngf1 b5 44.Nd2 a4 45.Nd1 b4 46.Kf2 Nc6 47.Nb1 Nd4 
48.Bf1 Nc2 49.Ke2 bxa3 50.Nxa3 Nxa3 51.bxa3 Rb3 52.Kd2 Rxa3 53.Nc3 Rb3 54.
Kc2 Kf6 55.Be2 Rb8 56.Nb1 Ke5 57.Bd1 a3 58.Nxa3 Ba4+ 59.Kc1 Bxd1 60.Kxd1 
Rb3 61.Nb5 Rxd3+ 62.Ke2 Rxh3 0-1

[Event "38th Asia-ch U20"]
[Site "New Delhi IND"]
[Date "2016.05.07"]
[Round "5"]
[White "Sahoo, Utkal Ranjan"]
[Black "Godbole, Atharva"]
[Result "1-0"]
[WhiteElo "2275"]
[BlackElo "2128"]
[EventDate "2016.05.04"]
[PlyCount "0"]

1.e4 e5 2.Nf3 Nc6 3.Bb5 a6 4.Ba4 Nf6 5.d3 d6 6.c3 Be7 7.Nbd2 O-O 8.Nf1 b5 
9.Bc2 d5 10.Ng3 dxe4 11.dxe4 Qxd1+ 12.Bxd1 h6 13.h3 Be6 14.Bb3 Bxb3 15.
axb3 Nd7 16.Be3 Rfd8 17.Ke2 Bc5 18.b4 Bxe3 19.Kxe3 Nb6 20.b3 f6 21.Nf5 Kf7
22.Rhd1 Rxd1 23.Rxd1 a5 24.bxa5 Rxa5 25.Nd2 Ra3 26.Kd3 h5 27.Kc2 g6 28.Ne3
Ke6 29.Kb2 Ra8 30.Nf3 Ne7 31.Ne1 f5 32.Nd3 Nd7 33.f3 c6 34.c4 f4 35.Nc2 
bxc4 36.bxc4 Rb8+ 37.Kc3 c5 38.Na1 Nc6 39.Nb3 Nd4 40.Ndxc5+ Nxc5 41.Nxc5+ 
Kd6 42.Nd3 Rb3+ 43.Kd2 Ra3 44.Rb1 Nb3+ 45.Ke1 Nd4 46.c5+ Kc6 47.Rb6+ Kc7 
48.Nxe5 Rc3 49.Rxg6 Rxc5 50.Nd3 1-0

[Event "38th Asia-ch U20"]
[Site "New Delhi IND"]
[Date "2016.05.08"]
[Round "6"]
[White "Aravindh, Chithambaram Vr"]
[Black "Sunilduth Lyna, Narayanan"]
[Result "1-0"]
[WhiteElo "2528"]
[BlackElo "2507"]
[EventDate "2016.05.04"]
[PlyCount "0"]

1.e4 c5 2.Nf3 d6 3.c3 Nf6 4.Be2 g6 5.O-O Bg7 6.Bb5+ Bd7 7.Bxd7+ Qxd7 8.Qe2
Nc6 9.d4 cxd4 10.cxd4 d5 11.e5 Ne4 12.Nc3 Nxc3 13.bxc3 O-O 14.Ng5 e6 15.h4
Rfc8 16.h5 b5 17.Qg4 Nd8 18.Bd2 Rc4 19.Qh3 h6 20.Nf3 Rac8 21.Rab1 g5 22.
Nh2 b4 23.Rxb4 Rxb4 24.cxb4 Rc4 25.Be3 Nc6 26.f4 Nxd4 27.Bxd4 Rxd4 28.fxg5
hxg5 29.Nf3 g4 30.Qh4 Rxb4 31.h6 Bh8 32.h7+ Kg7 33.Ng5 Kg6 34.Nxf7 Qxf7 
35.Rxf7 Kxf7 36.Qh5+ Ke7 37.Qg5+ Kd7 38.Qg8 Rb1+ 39.Kf2 Rb2+ 40.Ke3 Bxe5 
41.h8=Q Bxh8 42.Qxh8 Rxg2 43.Qg7+ Kd6 44.Qxa7 e5 45.Qb6+ Kd7 46.Qb7+ Kd6 
47.Qb6+ Kd7 48.a4 Rg3+ 49.Kf2 Rf3+ 50.Kg2 e4 51.a5 e3 52.a6 Rf2+ 53.Kg3 
Ra2 54.Qb3 Rxa6 55.Qb7+ 1-0